Kluby z Austrii które w XXI w. grały w europejskich pucharach - Statystyki

Ogólne statystyki
  • Ten quiz został rozwiązany 30 razy
  • Średni wynik to 6 z 18
Statystyki odpowiedzi
Odpowiedź % Poprawnych
Austria Wiedeń
100%
Rapid Wiedeń
97%
Red Bull Salzburg
93%
Sturm Graz
83%
LASK
67%
Wolfsberger AC
47%
Admira Wacker Mödling
27%
Austria Salzburg
27%
SV Ried
27%
Grazer AK
20%
Tirol Innsbruck
17%
TSV Hartberg
13%
SCR Altach
10%
SV Grödig
7%
SV Mattersburg
7%
SKN St.Pölten
3%
FC Kärnten
0%
FC Pasching
0%
Nie znaleziono quizów pasujących do podanych kryteriów
Rozkład punktacji
Procent ludzi z każdym wynikiem
Percentyl według liczby udzielonych odpowiedzi
Twoja historia wyników
Nie rozwiązałeś tego quizu